|
|
|
|
| LEADER |
00000nam a2200000 a 4500 |
| 001 |
vtls011576137 |
| 003 |
SK-MaSNL |
| 005 |
20260426003132.0 |
| 008 |
240318s2016 xr oc e 001 0acze |
| 015 |
|
|
|a SNBZSA2016/10
|
| 020 |
|
|
|a 9788070506714
|q (viazané)
|
| 035 |
|
|
|a C6A8E501-46B5-4F8C-87C9-5BEC553550AA
|
| 035 |
|
|
|a urn:nbn:sk:snk-am3h4jd
|
| 035 |
|
|
|a urn:nbn:sk:snk-am00cmvf
|
| 040 |
|
|
|a SNK
|b slo
|c SNK
|e AACR2
|
| 041 |
0 |
|
|a cze
|
| 043 |
|
|
|a e-xr---
|
| 044 |
|
|
|a xr
|c CZ
|
| 072 |
|
7 |
|a 026
|x Odborné/špeciálne knižnice
|2 konspekt
|
| 080 |
|
|
|a 023.5
|2 2011
|
| 080 |
|
|
|a 80(=16)+908(4)
|2 2011
|
| 080 |
|
|
|a 027.021
|2 2011
|
| 080 |
|
|
|a 025:09
|2 2011
|
| 080 |
|
|
|a 82.0
|2 2011
|
| 080 |
|
|
|a (0:82-94)
|2 2011
|
| 080 |
|
|
|a (437.3)
|2 2011
|
| 100 |
1 |
|
|a Vacek, Jiří,
|d 1939-2017
|4 aut
|9 246545
|
| 245 |
1 |
0 |
|a Slovanská knihovna - můj osud
|b mozaika vzpomínek
|c Jiří Vacek
|
| 246 |
3 |
0 |
|a Mozaika vzpomínek
|
| 250 |
|
|
|a 1. vyd.
|
| 260 |
|
|
|a Praha
|b Národní knihovna České republiky
|c 2016
|
| 300 |
|
|
|a 174 s.
|b fotogr., portréty
|c 22 cm
|
| 490 |
1 |
|
|a Publikace Slovanské knohovny
|v 77
|
| 504 |
|
|
|a Výberová bibliogr.: s. 141-146 ; bibliogr. odkazy ; register
|
| 600 |
1 |
7 |
|a Vacek, Jiří,
|d 1939-2017
|2 SNKMA
|9 246545
|
| 648 |
|
7 |
|a 20.-21. stor.
|2 SNKPH
|9 270701
|
| 650 |
0 |
7 |
|a knihovníci
|2 SNKPH
|9 4220
|
| 650 |
0 |
7 |
|a Librarians
|2 SNKPHeng
|9 334714
|
| 650 |
0 |
7 |
|a slavistika
|2 SNKPH
|9 4282
|
| 650 |
0 |
7 |
|a Slavic studies
|2 SNKPHeng
|9 266256
|
| 650 |
0 |
7 |
|a Research libraries
|2 SNKPHeng
|9 267292
|
| 650 |
0 |
7 |
|a vedecké knižnice
|2 SNKPH
|9 49795
|
| 650 |
0 |
7 |
|a vzácne knižničné fondy
|2 SNKPH
|9 101237
|
| 650 |
0 |
7 |
|a Rare library collections
|2 SNKPHeng
|9 340473
|
| 650 |
0 |
7 |
|a literárni historici
|2 SNKPH
|9 90449
|
| 650 |
0 |
7 |
|a Literary historians
|2 SNKPHeng
|9 318320
|
| 651 |
|
7 |
|a Česko
|2 SNKPH
|9 16753
|
| 651 |
|
7 |
|a Czechia
|2 SNKPHeng
|9 170107
|
| 655 |
|
7 |
|a autobiografické spomienky
|2 SNKPH
|9 70489
|
| 655 |
|
7 |
|a Autobiographical reminiscences
|2 SNKPHeng
|9 302514
|
| 830 |
|
0 |
|a Publikace Slovanské knihovny
|9 302785
|
| 919 |
|
|
|a 978-80-7050-671-4
|
| 958 |
|
|
|a ZS
|
| 958 |
|
|
|a NB
|
| 999 |
|
|
|c 936645
|d 938575
|
| 952 |
|
|
|a SNK
|b SNK
|y PREZ
|7 0
|p 17A1215825
|o snkSC 171532
|i snk2016/23123
|8 2
|g 6.66
|0 0
|1 0
|4 0
|d 2016-08-31
|f 1
|l 0
|r 2025-09-10 00:00:00
|w 2026-02-24
|
| 952 |
|
|
|a SNK
|b SNK
|y VYP
|7 0
|p 17A1260146
|o snkSC 171532 D1
|i snk2017/13542
|8 2
|g 10.80
|0 0
|1 0
|4 0
|d 2017-05-09
|l 0
|r 2026-02-24 09:06:10
|w 2026-02-24
|